| 000 | 00354pab a2200145 454500 | ||
|---|---|---|---|
| 008 | 180718b2006 xxu||||| |||| 00| 0 eng d | ||
| 100 | _aRajkumari K. Prabhakar | ||
| 245 | _aDedicated service of NABARD to the nation | ||
| 260 | _c2006 | ||
| 300 | _ap.17-20. | ||
| 362 | _aSep | ||
| 650 | _aRural development | ||
| 773 | _aKurukshetra | ||
| 909 | _a71592 | ||
| 999 |
_c71592 _d71592 |
||